000 01794nam a2200517 i 4500
001 49633
003 KOSZ 005
005 20240405063153.0
008 000301s1999 pl a |000 0 pol
015 _aPB 2000/5268
020 _a8311090246
035 _a991013002409705066
035 _a(PL-WaBN)b13510332-48omnis_nlop
035 _ab13510332
035 _a(OCoLC)830226654
035 _a(PL)b0000001351033
035 _a(EXLNZ-48OMNIS_NETWORK)9910185716005606
040 _aWA N
_cWA N
_dKOSZ 005/HR
041 0 _apol
046 _k1999
080 _a339.72(438)"1989/..."
245 0 0 _aBilans płatniczy Polski :
_bwyzwania i zagrożenia /
_cpod red. Urszuli Płowiec i Witolda M. Orłowskiego ; Polskie Towarzystwo Ekonomiczne.
260 _aWarszawa :
_b"Bellona",
_c1999.
300 _a232 s. :
_bil. ;
_c25 cm.
336 _2rdacontent
_aTekst
_btxt
337 _2rdamedia
_aBez urządzenia pośredniczącego
_bn
338 _2rdacarrier
_aWolumin
_bnc
380 _aKsiążki
388 _a1901-2000
388 _a1989-2000
490 1 _aKluczowe Problemy Gospodarki
500 _aNa s. 4 okł. błędny ISBN.
504 _aBibliogr. przy rozdz.
648 7 _a1901-2000
648 7 _a1989-2000
650 7 _aBilans płatniczy
_2DBN
651 7 _aPolska
700 1 _aOrłowski, Witold M.
_d(1962- )
_eRedakcja
700 1 _aPłowiec, Urszula
_d(1933-2011)
_eRedakcja
710 2 _aDom Wydawniczy Bellona
_4pbl
710 2 _aPolskie Towarzystwo Ekonomiczne
830 0 _aKluczowe Problemy Gospodarki
856 _uhttp://koha.tu.koszalin.pl/cgi-bin/koha/opac-detail.pl?biblionumber=49633
_yKatalog online BPK
942 _2UKD
_cKS
999 _c49633
_d49633